India Pictures quiz - Statistics

General Stats
  • This quiz has been taken 39 times
    21 since last reset
  • The average score is 7 of 12
Answer Stats
Picture Answer % Correct
Taj Mahal
100%
Holi
90%
Mahatma Gandhi
90%
Golden Temple
75%
Idli
70%
Rangoli
60%
Diya
55%
Statue of Unity
50%
Lord Shiva
35%
Lord Ganesha
30%
Sun Temple
25%
Ganges River
10%
No matching quizzes found
Score Distribution
Percent of People with Each Score
Percentile by Number Answered
Your Score History
You have not taken this quiz since the last reset